000 00385nam a22001697a 4500
005 20160620140032.0
008 160620b xxu||||| |||| 00| 0 eng d
020 _a81-89093-44-4
041 _aeng
082 _b8535
100 _aLindwing, Oliver
_92321
245 _aDictionary of Management
260 _bLotus
_c2004
300 _a205
650 _aManagement
_9241
942 _cBK
999 _c3272
_d3271